000 00412pab a2200157 454500
008 180718b1995 xxu||||| |||| 00| 0 eng d
100 _aCharles, Nickie
245 _aFeminist politics, domestic violence and the state
260 _c1995
300 _ap.617-40
362 _aNov
650 _aWomen in politics - Wales
650 _aPolitics and government
773 _aSociological Review
909 _a30236
999 _c30236
_d30236